000 01139nam0a2200313 4500
001 RU\NLR\ONL2\6255
005 20250613125937.0
035 _a(NLR Aleph) 009653852
090 _a9581637
_c9581637
100 _a20061101d1984 |||y0rusy50 ca
101 0 _alau
102 _aRU
105 _aa |||||||||
200 1 _aЭвенский язык
_eучеб. для подгот. кл.
_fВ. И. Цинциус
205 _a6-е изд.
_bперераб.
210 _aЛ.
_cПросвещение. Ленингр. отд-ние
_d1984
215 _a111 с.
_cил.
_d22
300 _aЗагл. пер.: Эвэды төрэн подготовительнэйду классту
512 1 _aЭвэды төрэн подготовительнэйду классту
606 0 _aЭвенский язык
_92115956
_3RU\NLR\auth\661278298
686 1 _aШ165.12-921
700 1 _aЦинциус
_bВ. И.
_gВера Ивановна
_4070
801 0 _aRU
_bNLR
_c20061101
_gPSBO
852 _aNLR
_bОНЛ
_jЭвенск./3-102
852 _aNLR
_bОНЛ
_jЭвенск./3-102
942 _cBOOK
980 _aNB
980 _aONL_RF